000 00908nam a2200241 4500
005 20240530110939.0
008 221025s2021 ua abf f b 000 0 ara d
017 _a2020/11194
_bمصر. دار الكتب
020 _a978977684727
040 _aEG-CaGPL
_cEG-CaGPL
082 0 8 _221
_a759.57/
_bح م
100 0 _aحسن محمد نور عبدالنور
245 1 0 _aمدخل لفن التصوير الاسلامى الهندى /
_cحسن محمد نور عبدالنور
250 _aط.1
260 _aالاسكندرية :
_bدار الوفاء لدنيا الطباعة و النشر،
_c2021.
300 _a380 ص. :
_bايض ؛
_c24 سم.
504 _aيشتمل على ارجاعات ببليوجرافية
650 0 7 _2qrmak
_aالتصوير
650 0 7 _2qrmak
_aالتصوير الاسلامى
651 _2qrmak
942 _2ddc
_cBK
999 _c66790
_d66790